000 00735nab a2200241 a 4500
001 62616
003 135045
005 20201118105939.0
008 ||||||n9999 ||| || ||
041 _aspa
100 _aMichel Uribe, Hugo Alberto
245 0 _aLa reforma a la ley de coordinacion fiscal para 1998 y el fortalecimiento de la hacienda publica de los municipios
260 _aMéxico :
_bINDET,
_c1998.
300 _app.4-11
562 _e0
650 _aANÁLISIS FINANCIERO
650 _aHACIENDA MUNICIPAL--PINCHOTE (SANTANDER, COLOMBIA)
650 _aHACIENDA PÚBLICA--COLOMBIA
650 _aMUNICIPIOS
650 _aREFORMA FISCAL
773 _062586
_aHacienda Municipal - No.62 (1998)
942 _cSART
999 _c62616
_d62616